| 000 | 00000nam##2200000za#4500 |
| 001 | 9.700339 |
| 003 | CaOODSP |
| 005 | 20210927150514 |
| 007 | cr ||||||||||| |
| 008 | 150407|2008||||xxc|||||o f|0| 0 eng|d |
| 040 | |aCaOODSP|beng |
| 043 | |an-cn--- |
| 086 | 1 |aR5-34/2008E-PDF |
| 110 | 1 |aCanada. |bIndian and Northern Affairs Canada. |
| 245 | 10|aReport on forensic audit investigation / |h[electronic resource]|c[published by the] Chief Audit and Evaluation Executive. |
| 260 | |aOttawa - Ontario : |bIndian and Northern Affairs |cDecember 2008. |
| 300 | |a64p.|btables |
| 590 | |a15-02-Supp|b2015-02-16 |
| 690 | 07|aAudit|2gcpds |
| 775 | 08|tRapport de l'enquête de vérification judiciaire / |w(CaOODSP)9.644235 |
| 856 | 40|ahttp://publications.gc.ca|qPDF|s508 KB|uhttps://publications.gc.ca/collections/collection_2015/aadnc-aandc/R5-34-2008-eng.pdf |